Statystyki dla Słowa zwierząt po angielsku

Kliknij tutaj aby rozwiązać quiz!

Ogólne statystyki

  • Ten quiz został rozwiązany 1 913 razy
  • Średni wynik to 22 z 24

Statystyki odpowiedzi

AngielskiPolski% Poprawnych
CatKot
100%
SpiderPająk
100%
DogPies
100%
HorseKoń
99%
LionLew
99%
FishRyba
99%
MonkeyMałpa
98%
PigŚwinia
98%
CowKrowa
97%
WolfWilk
97%
FoxLis
96%
ButterflyMotyl
96%
BirdPtak
96%
SharkRekin
96%
FrogŻaba
95%
BeePszczoła
92%
Turtleżółw
90%
BullByk
87%
GoatKoza
86%
AntMrówka
82%
LizardJaszczurka
79%
DonkeyOsioł
76%
JellyfishMeduza
61%
RoosterKogut
41%

Rozkład punktacji

Percentyl według liczby udzielonych odpowiedzi

Procent ludzi z każdym wynikiem

Twoja historia wyników

Nie rozwiązałeś tego quizu